Thí nghiệm hóa sinh học

Guardat en:
Dades bibliogràfiques
Autor principal: Nguyễn, Đức Lượng
Format: Llibre
Idioma:Undetermined
Publicat: Thành phố Hồ Chí Minh Đại học Quốc gia Thành phố Hồ Chí Minh 2003
Matèries:
Etiquetes: Afegir etiqueta
Sense etiquetes, Sigues el primer a etiquetar aquest registre!
Thư viện lưu trữ: Trung tâm Học liệu Trường Đại học Cần Thơ
LEADER 00674nam a2200217Ia 4500
001 CTU_100844
008 210402s9999 xx 000 0 und d
020 |c 16000 
082 |a 660.63 
082 |b L561/T.1 
100 |a Nguyễn, Đức Lượng 
245 0 |a Thí nghiệm hóa sinh học 
245 0 |c Nguyễn Đức Lượng, Cao Cường 
260 |a Thành phố Hồ Chí Minh 
260 |b Đại học Quốc gia Thành phố Hồ Chí Minh 
260 |c 2003 
526 |a TT. Sinh hóa 
526 |b SP406 
650 |a Biotechnology 
904 |i Hiếu 
980 |a Trung tâm Học liệu Trường Đại học Cần Thơ